| 000 | 01804nam1a22003491 4500 | ||
|---|---|---|---|
| 001 | rc\3374386 | ||
| 005 | 20240626142316.0 | ||
| 035 | _a(NLR Aleph) 007544112 | ||
| 090 |
_a9780581 _c9780581 |
||
| 100 | _a20130115g1974 |||y0rusy50 ca | ||
| 101 | 0 | _arus | |
| 102 | _aRU | ||
| 105 | _a ac ||||| | ||
| 200 | 1 |
_aАрмянская литература _e(Биобиблиогр. указ.) _e[В 2 вып.] _fСост. Н.А. Адамян, Е.М. Нерсисян[!], Н.[!]К. Хоецян _gРед. канд. филол. наук В.М. Мнацаканян _gМ-во культуры АрмССР, Гос. респ. б-ка им. Ал. Мясникяна, Отд. науч. библиогр. и справ. работ |
|
| 210 |
_aЕреван _cБ. и. _d1974- |
||
| 215 | _d22 | ||
| 300 | _aВ вып. дан. 2-й сост.: Евгения Матевосовна Нерсесян | ||
| 606 |
_aПисатели армянские _jБиобиблиографические пособия _2psbo |
||
| 606 |
_aАрмянская литература _jУказатели _2psbo |
||
| 700 | 1 |
_aАдамян _bН. А. _gНазик Адамовна _4220 |
|
| 701 | 1 |
_6z01790 _aНерсесян _bЕ. М. _gЕвгения Матевосовна _4220 |
|
| 701 | 1 |
_6z02790 _aХоецян _bЭ. К. _gЭлеонора Константиновна _4220 |
|
| 702 | 1 |
_aМнацаканян _bВ. М. _4340 |
|
| 712 | 0 | 2 |
_aАрмянская республиканская библиотека им. А. Ф. Мясникяна _cЕреван _3RU\NLR\AUTH\889958116 |
| 790 | 1 |
_6z01701 _aНерсисян[!] _bЕ. М. |
|
| 790 | 1 |
_6z02701 _aХоецян _bН.[!]К. |
|
| 801 | 0 |
_aRU _bNLR _gpsbo |
|
| 801 | 1 |
_aRU _bELAR _2rusmarc |
|
| 852 |
_aNLR _jс945Арм-420/А-83 |
||
| 942 | _cBOOK | ||
| 980 | _aNB | ||